Các kỹ thuật ứng dụng trong Flash và Dreamweaver
שמור ב:
| מחבר ראשי: | |
|---|---|
| פורמט: | ספר |
| שפה: | Undetermined |
| יצא לאור: |
Thành phố Hồ Chí Minh
Lao Động Xã hội
2004
|
| נושאים: | |
| תגים: |
הוספת תג
אין תגיות, היה/י הראשונ/ה לתייג את הרשומה!
|
| Thư viện lưu trữ: | Trung tâm Học liệu Trường Đại học Cần Thơ |
|---|
| LEADER | 00660nam a2200205Ia 4500 | ||
|---|---|---|---|
| 001 | CTU_64249 | ||
| 008 | 210402s9999 xx 000 0 und d | ||
| 020 | |b 98000 | ||
| 082 | |a 006.78 | ||
| 082 | |b S312 | ||
| 100 | |a Nguyễn, Trường Sinh | ||
| 245 | 0 | |a Các kỹ thuật ứng dụng trong Flash và Dreamweaver | |
| 245 | 0 | |c Nguyễn Trường Sinh | |
| 260 | |a Thành phố Hồ Chí Minh | ||
| 260 | |b Lao Động Xã hội | ||
| 260 | |c 2004 | ||
| 650 | |a Dreamweaver ( computer programs ),Multimedia systems | ||
| 650 | |x Computer programs | ||
| 904 | |i Minh | ||
| 980 | |a Trung tâm Học liệu Trường Đại học Cần Thơ | ||